| 000 | 00972 a2200265 4500 | ||
|---|---|---|---|
| 003 | Nust | ||
| 005 | 20250114103340.0 | ||
| 010 | _a 00556709 | ||
| 020 | _a0304352861 | ||
| 040 | _cNust | ||
| 082 | 0 | 0 | _a954.73,ATL |
| 245 | 0 | 0 |
_aAtlas of the second world war / _cEdited by Brigadier Peter Young ; Cartography by Richard Natkiel. |
| 246 | 3 | _aCassell atlas of the second world war | |
| 260 |
_aLondon : _bCassell ; _aNew York : _bSterling [distributor], _c1999. |
||
| 300 |
_a1 atlas (288 p.) : _bill., col. maps ; _c28 cm. |
||
| 500 | _a" | ||
| 650 | 0 |
_aAtlases, British. _9127542 |
|
| 650 | 0 |
_aWorld War, 1939-1945 _928174 |
|
| 650 | 0 |
_aWorld War, 1939-1945 _xCampaigns. |
|
| 700 | 1 |
_aNatkiel, Richard. _947038 |
|
| 700 | 1 |
_aYoung, Peter, _d1915- _9127543 |
|
| 710 | 2 |
_aWeidenfeld and Nicolson (Firm) _9127544 |
|
| 856 | 4 | 2 |
_3Publisher description _uhttp://www.loc.gov/catdir/description/ste021/00556709.html |
| 942 |
_2ddc _cBK _h954.73,ATL |
||
| 999 |
_c187892 _d187892 |
||